| 000 | 00647nam a2200229Ia 4500 | ||
|---|---|---|---|
| 003 | OSt | ||
| 005 | 20221005125549.0 | ||
| 006 | a|||||r|||| 00| 0 | ||
| 007 | ta | ||
| 008 | 221004b |||||||| |||| 00| 0 eng d | ||
| 024 | _a67579 | ||
| 037 | _cTextual | ||
| 040 |
_aCRL _cCRL _beng |
||
| 041 |
_2eng _aeng |
||
| 082 | _aX9:8, E8 | ||
| 100 |
_aAmar Jules _9636831 |
||
| 245 | 0 | _aPhysiology of industrial organisation and the re-employmnet of the disabled, tr..by Bernard Miall and ed. by A . F. Stanley Kent. | |
| 260 | _c1918 | ||
| 650 | _aECONOMICS | ||
| 942 |
_hX9:8, E8 _cTEXL _2cc |
||
| 999 |
_c1054369 _d1054369 |
||